Statistiken für Kroatische Inseln Karte

Klicken Sie hier um das Quiz zu spielen!

Allgemein

  • Dieses Quiz wurde 48 mal gespielt
  • Das Durchschnittsergebnis liegt bei 11 aus 78

Antworten auf der Karte

Die Antworten werden auf der Karte rot bzw. grün angezeigt, abhängig davon wie oft sie richtig erraten wurden.
 

Antwortstatistiken

FlächeInsel% Korrekt
405,78 km²Krk
88%
405,78 km²Cres
56%
86,11 km²Rab
56%
297,37 km²Hvar
46%
395,44 km²Brač
44%
284,18 km²Pag
39%
74,36 km²Lošinj
32%
271,46 km²Korčula
29%
4,53 km²{Goli} otok
24%
22,07 km²Vir
20%
89,72 km²Vis
20%
113,30 km²{Dugi} otok
17%
98,01 km²Mljet
17%
60,11 km²Pašman
17%
51,04 km²Ugljan
17%
28,12 km²Čiovo
15%
9,73 km²Ist
15%
32,44 km²Kornat
15%
58,17 km²Šolta
15%
7,11 km²Kaprije
12%
40,82 km²Lastovo
12%
3,77 km²Susak
12%
2,77 km²Tijat
12%
8,04 km²Zlarin
12%
5,91 km²Biševo
10%
4,61 km²Dolin
10%
3,42 km²{Drvenik} Mali
10%
11,69 km²{Drvenik} Veli
10%
5,50 km²Ilovik
10%
16,51 km²
10%
3,38 km²Kakan
10%
1,12 km²Katina
10%
2,43 km²Koločep
10%
4,37 km²Lopud
10%
1,07 km²Mali {Brijun}
10%
22,17 km²Molat
10%
17,57 km²Murter
10%
26,14 km²Olib
10%
8,66 km²Premuda
10%
12,75 km²Prvić (Krk)
10%
2,40 km²Prvić (Šibenik)
10%
8,36 km²Šćedro
10%
14,27 km²Silba
10%
1,04 km²{Smokvica} Vela
10%
16,87 km²Unije
10%
5,72 km²Veli {Brijun}
10%
2,31 km²Vrgada
10%
15,07 km²Žirje
10%
14,82 km²Žut
10%
1,27 km²{Arta} Vela
7%
3,06 km²Jakljan
7%
1,74 km²{Kurba} Vela
7%
2,27 km²{Lavdara} Vela
7%
1,78 km²Lavsa
7%
1,84 km²Levrnaka
7%
8,63 km²Maun
7%
2,66 km²Piškera
7%
1,09 km²Planik
7%
8,63 km²Plavnik
7%
3,63 km²Rava
7%
3,61 km²Rivanj
7%
15,12 km²Sestrunj
7%
16,22 km²Šipan
7%
1,77 km²Sit
7%
3,78 km²Škarda
7%
2,05 km²Škrda
7%
6,37 km²Sveti Grgur
7%
2,21 km²{Tun} Veli
7%
1,05 km²Vele {Orjule}
7%
1,18 km²Vele {Srakane}
7%
2,54 km²Zeča
7%
3,30 km²Zmajan
7%
4,17 km²Zverinac
7%
1,45 km²Mrčara
5%
4,02 km²Sušac
5%
2,80 km²Prežba
2%
4,19 km²Svetac
2%
5,27 km²Sveti Klement
2%

Verteilung der Resultate

Perzentil nach korrekt beantworteten Fragen

Anzahl Personen mit jedem Resultat

Ihre Resultats-Entwicklung

Sie haben dieses Quiz noch nicht gespielt